América Latina migrante: estado, familias, identidades /
Se argumenta en el texto que las estrategias de las trabajadoras sexuales que han migrado voluntariamente a España son muy similares a las de algunas mujeres migrantes en España, empleadas en otras ocupaciones, como puede ser el servicio doméstico. En ambos casos, la necesidad de mantener a una fami...
Збережено в:
| Автор: | |
|---|---|
| Інші автори: | |
| Формат: | Текст |
| Опубліковано: |
Quito:
FLACSO
|
| Предмети: | |
| Теги: |
Додати тег
Немає тегів, Будьте першим, хто поставить тег для цього запису!
|
MARC
| LEADER | 00000 a a2200000 04500 | ||
|---|---|---|---|
| 001 | 38625 | ||
| 003 | |||
| 040 | |||
| 020 | |a 978-9978-67-167-2 | ||
| 090 | |a 1001 H565a | ||
| 100 | |a Herrera, Gioconda | ||
| 245 | |a América Latina migrante: estado, familias, identidades / |c Gioconda Herrera | ||
| 260 | |a Quito: |b FLACSO | ||
| 300 | |a 464 p. | ||
| 520 | |a Se argumenta en el texto que las estrategias de las trabajadoras sexuales que han migrado voluntariamente a España son muy similares a las de algunas mujeres migrantes en España, empleadas en otras ocupaciones, como puede ser el servicio doméstico. En ambos casos, la necesidad de mantener a una familia o el objetivo de prosperar socialmente (estrategia de movilidad social) son los motores que impulsaron a las informantes a salir de sus países. Asimismo, el hecho de asumir voluntariamente la prostitución no está excepto de abusos o explotación | ||
| 650 | |a MUJERES | ||
| 650 | |a MIGRANTES | ||
| 650 | |a PROSTITUCION | ||
| 650 | |a ESPAÑA | ||
| 700 | |a ed. |a Ramírez, Jacques |a ed. | ||
| 999 | |c 14638 |d 14638 | ||



